000 00196nam a2200109Ia 4500
100 _a#N/A
942 _cBK
654 _a2 gb
245 _a2GB of Linux
260 _b#N/A
_c2003
546 _aENGLISH
999 _c34392
_d34392